000 01226nam a2200313 i 4500
001 000017339
003 DO-SdBNP
005 20250731125159.0
007 ta
008 100322s1970 dr 000 0 spa d
040 _aDO-SdBNP
_bspa
_cBNPHU
_erda
041 _aspa
082 4 _a320.97293
_bH519r
_222
100 1 _aHenríquez, Enrique Apolinar,
_d1886-
_eautor
_9699
_4aut.
245 1 0 _aReminiscencias y evocaciones /
_cEnrique Apolinar Henríquez.
264 _aSanto Domingo, República Dominicana :
_bEditora Librería Hispaniola,
_c1970.
300 _avolumen ;
_c23 cm.
336 _atexto
_btxt
_2rdacontent
337 _asin mediación
_bn
_2rdacontent
338 _avolumen
_bn
_2rdacarrier
490 1 _aColección pensamiento dominicano
_v46
500 _aIncluye referencias bibliográficas y notas al pie de las páginas
590 _aInventariado, 2018/ YL
651 4 _aRepública Dominicana
_xPolítica Y Gobierno,
_y1844-1930
_xEnsayos, Conferencias, Etc.
_937987
651 4 _aRepública Dominicana
_xPolítica Y Gobierno,
_y1930-1961
_xEnsayos, Conferencias, Etc.
_937988
830 0 _aColección pensamiento dominicano
_v46
_919047
910 _aValidado. Control de calidad MFF
942 _2ddc
_cLBS1
999 _c16864
_d16864